XXIII premis Prevenció d'Incendis Forestals 2019
Descripción Física:
1 punt de llibre : il·lustracions ; 23 x 6 cm
Idioma:
Catalán
MARC
| LEADER | 00000nrm a2200000 a 4500 | ||
|---|---|---|---|
| 001 | 25281 | ||
| 003 | Arxiu | ||
| 005 | 20260324180729.0 | ||
| 008 | 220422b spa||||| |||| 00| 0 cat d | ||
| 017 | |a DL B 27029-2019 | ||
| 245 | |a XXIII premis Prevenció d'Incendis Forestals 2019 | ||
| 246 | 3 | 3 | |a 23è premis Prevenció d'Incendis Forestals 2019 |
| 260 | |a Barcelona : |b Diputació de Barcelona, |c 2019 | ||
| 300 | |a 1 punt de llibre : |b il·lustracions ; |c 23 x 6 cm | ||
| 650 | 0 | |a Incendis forestals |x Prevenció i control |x Premis |9 55415 | |
| 655 | 0 | |a Punts de llibre |9 52700 | |
| 710 | |a Barcelona (Catalunya : Província). |b Oficina Tècnica de Prevenció Municipal d'Incendis Forestals |9 9456 | ||
| 942 | |2 udc |c ARXIU |n 1 | ||
| 952 | |0 0 |1 0 |4 0 |6 NBM1320 |7 1 |9 61350 |a Arxiu |b Arxiu |d 2022-04-22 |l 0 |o NBM-13-20 |p 25281 |r 2022-04-22 00:00:00 |w 2022-04-22 |y ARXIU | ||
| 999 | |c 81311 |d 81311 | ||